|
|
|
|
| LEADER |
00000nam0a2200000 4500 |
| 001 |
105833 |
| 005 |
20231101214632.0 |
| 010 |
|
|
|a 5217033150
|
| 035 |
|
|
|a (RuTPU)RU\TPU\book\114197
|
| 090 |
|
|
|a 105833
|
| 100 |
|
|
|a 20061122d2005 m y0rusy50 ca
|
| 101 |
0 |
|
|a rus
|
| 102 |
|
|
|a RU
|
| 105 |
|
|
|a a j 001zy
|
| 200 |
1 |
|
|a Инженерная графика. Конструкторская информатика в машиностроении
|e учебник
|f А. К. Болтухин [и др.]
|g под ред. А. К. Болтухина, С. А. Васина
|
| 205 |
|
|
|a 3-е изд., перераб. и доп.
|
| 210 |
|
|
|a Москва
|c Машиностроение
|d 2005
|
| 215 |
|
|
|a 555 с.
|c ил.
|
| 320 |
|
|
|a Библиогр.: с. 540.
|
| 320 |
|
|
|a Предметный указатель: с. 541-548.
|
| 330 |
|
|
|a Рассмотрены основные положения начертательной геометрии и машиностроительного черчения. Методика представления материала основана на системе структурных единиц: иерархической последовательности геометрических и технических объектов. Широко использована практика конструирования машиностроительных изделий. Соответствует программе, утвержденной Министерством образования и науки для высших учебных заведений. Третье издание (2-е изд. 2001 г.) исправлено в соответствии с изменениями в ЕСКД, стандартах и дополнено главой по компьютерной графике. Для студентов высших учебных заведений, полезен для специалистов.
|
| 606 |
1 |
|
|a Инженерная графика
|2 stltpush
|3 (RuTPU)RU\TPU\subj\39243
|9 59411
|
| 610 |
1 |
|
|a графическая документация
|
| 610 |
1 |
|
|a оформление
|
| 610 |
1 |
|
|a геометрические объекты
|
| 610 |
1 |
|
|a прямоугольное проецирование
|
| 610 |
1 |
|
|a линии
|
| 610 |
1 |
|
|a отрезки
|
| 610 |
1 |
|
|a проекции
|
| 610 |
1 |
|
|a контуры
|
| 610 |
1 |
|
|a плоскости
|
| 610 |
1 |
|
|a оболочки
|
| 610 |
1 |
|
|a геометрические тела
|
| 610 |
1 |
|
|a геометрические объекты
|
| 610 |
1 |
|
|a эпюры
|
| 610 |
1 |
|
|a выполнение
|
| 610 |
1 |
|
|a чтение
|
| 610 |
1 |
|
|a чертежи
|
| 610 |
1 |
|
|a машиностроительные объекты
|
| 610 |
1 |
|
|a детали
|
| 610 |
1 |
|
|a неподвижные соединения
|
| 610 |
1 |
|
|a подвижные соединения
|
| 610 |
1 |
|
|a узлы
|
| 610 |
1 |
|
|a компьютерная графика
|
| 610 |
1 |
|
|a КОМПАС-3D
|
| 610 |
1 |
|
|a учебники
|
| 610 |
1 |
|
|a SolidWorks
|
| 610 |
1 |
|
|a AutoCAD
|
| 675 |
|
|
|a 76:621(075.8)
|v 3
|
| 701 |
|
1 |
|a Болтухин
|b А. К.
|g Александр Константинович
|
| 701 |
|
1 |
|a Васин
|b С. А.
|g Сергей Александрович
|
| 701 |
|
1 |
|a Вяткин
|b Г. П.
|g Григорий Порфирьевич
|
| 701 |
|
1 |
|a Пуш
|b А. В.
|g Александр Валентинович
|
| 702 |
|
1 |
|a Болтухин
|b А. К.
|g Александр Константинович
|4 340
|
| 702 |
|
1 |
|a Васин
|b С. А.
|g Сергей Александрович
|4 340
|
| 801 |
|
1 |
|a RU
|b 63413507
|c 20061122
|g PSBO
|
| 801 |
|
2 |
|a RU
|b 63413507
|c 20151009
|g PSBO
|
| 900 |
|
|
|a Конструирование технологического оборудования в SolidWorks
|
| 942 |
|
|
|c BK
|
| 959 |
|
|
|a 97/20061122
|d 2
|e 374,00
|f ЧЗТЛ:1
|f АНЛ:1
|